000
00272nam a2200133Ia 4500
100
_a
Palnitkar/Samir
942
_c
BK
654
_a
verilog
245
_a
Verilog HDL
260
_b
Pearson Education
_c
2003
082
_a
621.392
_b
PAL
300
_a
449
546
_a
ENGLISH
999
_c
25252
_d
25252